000 01278namaa22003371i 4500
003 EG-GICUC
005 20260225101429.0
008 260225s2010 ua ah||jr|||| 000 0 ara d
017 _a2010 / 8792
_bدار الكتب والوثائق القومية (مصر)
020 _a9789777040549
040 _aEG-GiCUC
_bara
_cEG-GiCUC
_dEG-GiCUC
_erda
043 _af-ua---
082 0 4 _221
_a344.9703
_bA3984
092 0 4 _221
_a344.9703
_bA3984
099 _a344.9703 A3984 2010
100 1 _a‏علي، محمود
_d1940-
_eمؤلف.
245 1 _aموسوعة التشريعات السينمائية /
_cمحمود على
250 _aالطبعة الاولى
264 _aالقاهرة (مصر) :
_bالمجلس الأعلى للثقافة،
_c2010.
300 _a؛ 3 مجلدات
_c24 سم
336 _2rdacontent
_atext
337 _2rdamedia
_aUnmediated
338 _2rdacarrier
_avolume
504 _a.
505 _aالجزء الاول. أ-د -- الجزء الثانى.ر-ق -- الجزء الثالث. م-و
541 _aد. جابر عصفور ؛
_bالقاهرة ؛
_cإهداء ؛
_d2024.
650 1 7 _aالسينما
_vموسوعات
_xقوانين وتشريعات
_zمصر
_2qrmak
651 1 _2qrmak
905 _aHuda
942 _2ddc
_cBK
_e21
_n0
999 _c178717
_d178717